The Weeknd: Dawn FM Trivia - Statistics

General Stats
  • This quiz has been taken 57 times
  • The average score is 7 of 10
Answer Stats
Hint Answer % Correct
"Say I love you girl but I'm out of ___" Time
100%
"I'll always be less than ___" Zero
100%
First song on album Dawn FM
90%
Artist featured on Here We Go... Again Tyler the Creator
86%
Most streamed song on album Is There Someone Else?
76%
Final song on album Phantom Regret
71%
Frequency of Dawn FM radio 103.5
69%
Number of tracks on album Sixteen
69%
"And I almost died in the ___" Discotheque
37%
"All specters are haunted by their own lack of ___" Trust
27%
No matching quizzes found
Score Distribution
Percent of People with Each Score
Percentile by Number Answered
Your Score History
You have not taken this quiz